Statistics for NCAA NIT winners

Click here to take the quiz!

General Stats

  • This quiz has been taken 10 times
  • The average score is 54 of 82

Answer Stats

YearChampion% Correct
1943St Johns
100%
1944St Johns
100%
1989St Johns
100%
1959St Johns
100%
1965St Johns
100%
1999California
83%
2016George Washington
83%
1979Indiana
83%
2004Michigan
83%
1984Michigan
83%
2014Minnesota
83%
1993Minnesota
83%
1986Ohio St
83%
2008Ohio St
83%
1975Princeton
83%
1974Purdue
83%
1953Seton Hall
83%
2024Seton Hall`
83%
2015Stanford
83%
1991Stanford
83%
2012Stanford
83%
2019Texas
83%
1978Texas
83%
1985UCLA
83%
1947Utah
83%
2000Wake Forest
83%
2007West Virginia
83%
1942West Virginia
83%
1960Bradley
67%
1982Bradley
67%
1964Bradley
67%
1957Bradley
67%
1966BYU
67%
1951BYU
67%
1950CCNY
67%
1940Colorado
67%
1945DePaul
67%
1946Kentucky
67%
1976Kentucky
67%
1956Louisville
67%
1970Marquette
67%
2021Memphis
67%
2002Memphis
67%
2023North Texas
67%
1961Providence
67%
1963Providence
67%
1969Temple
67%
1990Vanderbilt
67%
1980Virginia
67%
1992Virginia
67%
2013Baylor
50%
1962Dayton
50%
2010Dayton
50%
1968Dayton
50%
1955Duquesne
50%
1954Holy Cross
50%
1952La Salle
50%
1972Maryland
50%
1996Nebraska
50%
1971North Carolina
50%
2009Penn St
50%
2018Penn St
50%
1949San Francisco
50%
2005South Carolina
50%
2006South Carolina
50%
1967Southern Illinois
50%
1977St Bonaventure
50%
1948St Louis
50%
2017TCU
50%
1981Tulsa
50%
2001Tulsa
50%
1994Villanova
50%
1995Virginia Tech
50%
1973Virginia Tech
50%
2011Wichita St
50%
1988Connecticut
33%
1983Fresno State
33%
1941Long Island
33%
1939Long Island
33%
1987Southern Miss
33%
2022Xavier
33%
1958Xavier
33%

Score Distribution

Percentile by Number Answered

Percent of People with Each Score

Your Score History

You have not taken this quiz